A Superlative for Every European Country - Statistics

General Stats
  • This quiz has been taken 42,948 times
    39,930 since last reset
  • The average score is 24 of 45
Answer Stats
Category Country % Correct
RU Largest area Russia
99%
VA Smallest area Vatican City
98%
FR Most tourists France
94%
DE Most beer production Germany
91%
IS Northernmost capital Iceland
91%
GB Most countries colonized United Kingdom
87%
GR Southernmost point Greece
80%
NO Most Winter Olympic medals Norway
77%
MC Highest per-capita income Monaco
75%
ES Most olive oil production Spain
73%
IT Most UNESCO World Heritage sites Italy
71%
AT Most Olympic medals in Alpine skiing Austria
65%
LI Richest country which speaks German Liechtenstein
64%
NL Tallest average height Netherlands
64%
MD Smallest former Soviet republic Moldova
62%
PL Biggest city starting with W Poland
60%
CH Most official languages (4) Switzerland
60%
DK Largest overseas territory Denmark
58%
FI Most forested Finland
58%
CZ Most beer production per capita Czech Republic
56%
BY Largest area (landlocked) Belarus
54%
MK Most recently changed its name (2018) North Macedonia
54%
SI Richest country formerly part of Yugoslavia Slovenia
53%
MT Hottest average temperature Malta
52%
KO Highest % of Muslims Kosovo
47%
PT Most cork production Portugal
43%
RO Greatest amount of territory in the Carpathian mountains Romania
43%
IE Flag with the most orange Ireland
41%
SM Oldest republic San Marino
39%
HR Last capital alphabetically Croatia
38%
HU Largest lake in Central Europe Hungary
38%
AD Highest average elevation Andorra
37%
UA Biggest city starting with K Ukraine
36%
AL Last Communist country (1992) Albania
33%
LU Most Nobel Laureates per capita Luxembourg
30%
RS Highest % of residents are Orthodox Christian Serbia
30%
BG First to use Cyrillic alphabet Bulgaria
28%
ME Most recent to join the UN (2006) Montenegro
27%
EE First to vote over the Internet Estonia
26%
LV Tallest average female height Latvia
26%
BE Most diamond exports Belgium
23%
SK Most car production per capita Slovakia
23%
BA Most stars on its flag (9) Bosnia
21%
SE Least religious (Gallup poll, 2009) Sweden
21%
LT Last Pagan country (1387) Lithuania
18%
No matching quizzes found
Score Distribution
Percent of People with Each Score
Percentile by Number Answered
Your Score History
You have not taken this quiz since the last reset